ARRUPE JESUIT UNIVERSITY

CORONAVIRUS -STOP THE SPREAD - CLEAN,DISINFECT,COVER

Ramon Lull, a biography, (Record no. 118860)

MARC details
000 -LEADER
fixed length control field 00795nam a2200241 4500
001 - CONTROL NUMBER
control field 1119186
003 - CONTROL NUMBER IDENTIFIER
control field ARRUPE
005 - DATE AND TIME OF LATEST TRANSACTION
control field 20131129132510.0
008 - FIXED-LENGTH DATA ELEMENTS--GENERAL INFORMATION
fixed length control field 770616s1929 enk b 000 0beng
010 ## - LIBRARY OF CONGRESS CONTROL NUMBER
LC control number 29018759
035 ## - SYSTEM CONTROL NUMBER
System control number (OCoLC)ocm03046121
040 ## - CATALOGING SOURCE
Original cataloging agency DLC
Transcribing agency EYR
Modifying agency m.c.
-- ZCU
050 0# - LIBRARY OF CONGRESS CALL NUMBER
Classification number B765.L84
Item number P41 1929
099 ## - LOCAL FREE-TEXT CALL NUMBER (OCLC)
Classification number 868L96
-- BP
300 ## - PHYSICAL DESCRIPTION
Dimensions 23 cm.
100 1# - MAIN ENTRY--PERSONAL NAME
Personal name Peers, E. Allison
Fuller form of name (Edgar Allison),
Dates associated with a name 1891-1952.
9 (RLIN) 4446
245 00 - TITLE STATEMENT
Title Ramon Lull, a biography,
Statement of responsibility, etc by E. Allison Peers ...
260 ## - PUBLICATION, DISTRIBUTION, ETC. (IMPRINT)
Place of publication, distribution, etc London :
Name of publisher, distributor, etc Society for promoting Christian knowledge ;
Place of publication, distribution, etc New York and Toronto :
Name of publisher, distributor, etc The Macmillan co.,
Date of publication, distribution, etc 1929.
300 ## - PHYSICAL DESCRIPTION
Extent xviii, 454 p., 1 l.
504 ## - BIBLIOGRAPHY, ETC. NOTE
Bibliography, etc "Select bibliography": p. [421]-434.
600 10 - SUBJECT ADDED ENTRY--PERSONAL NAME
Personal name Llull, Ramon,
Dates associated with a name 1232?-1316.
9 (RLIN) 4447
942 ## - ADDED ENTRY ELEMENTS (KOHA)
Source of classification or shelving scheme Library of Congress Classification
Koha item type Monograph ( Printed materials)
Holdings
Withdrawn status Lost status Source of classification or shelving scheme Damaged status Not for loan Home library Current library Shelving location Date acquired Total Checkouts Full call number Barcode Date last seen Price effective from Koha item type
    Library of Congress Classification     ARRUPE LIBRARY ARRUPE LIBRARY Main Collection 29/11/2013   B765.L84 P41 1929 46410257 29/11/2013 29/11/2013 Monograph ( Printed materials)

 

Arrupe Library. PO Box MP320 Mt Pleasant, Harare, Zimbabwe
263 242 745411|librarian@aju.ac.zw